000 01644cam a22004574i 4500
003 PE-LiUPU
005 20250731184549.0
008 150616s r 000 0 d
035 _a(Sirsi) a3296
040 _aPE-LiUPU
_bspa
_cPE-LiUPU
_erda
049 _aPRUA
082 0 4 _a931.01
_bS28
_221
100 1 _aSauneron, Serge,
_eautor.
245 1 0 _aLes Prêtres de l'ancienne Égypte /
_cSerge Sauneron .
264 1 _aParís :
_bÉditions du Seuil,
_c1957.
300 _a189 páginas :
_bilustraciones mapas, láms. ;
_c17 cm.
336 _atext
_2rdacontent
337 _aunmediated
_2rdamedia
338 _avolume
_2rdacarrier
505 0 _aIntroduction -- Au hasard des vieux texte -- La fonction sacerdotale -- Le monde des temples -- Les activités sacrées -- La science sacrée -- Heurs et malheurs des clergés d'Égipte -- Tableau chronologique.
526 _aP136
526 _aP135
526 _aP134
526 _aP133
526 _aP144
526 _aP143
526 _aP87
526 _aP35
526 _aP20
526 _aP14
526 _aP10
526 _aP06
650 0 4 _aSacerdotes egipcios
_yHistoria antigua.
910 _ajck
_bjvq
_cjck
942 _2ddc
_cBOOK
949 _a931.01 S28
_wDEWEY
_c1
_i00166
_lCCODEBUL1
_mBUL
_p00.00
_r0
_sY
_tBOOK
_u19930826
_xEDUCACION
_PP20
_0COMPRA
_o.STAFF. Colección General
994 _aC0
_bPEPRU
596 _a1
999 _a931.01 S28
_wDEWEY
_c40669
_i00166
_f2021-11-8
_g5
_lCCODEBUL1
_mBUL
_r0
_sY
_tBOOK
_u2015-6-16
_xBIBLIOTECA
_PP20
_0COMPRA
_o.STAFF. Colección General
_d40669
980 _81
_gALBERTO SANCHEZ Responsable de Automatización